<marc:collection xmlns:xsi="http://www.w3.org/2001/XMLSchema-instance" xmlns:marc="http://www.loc.gov/MARC21/slim" xsi:schemaLocation="http://www.loc.gov/MARC21/slim http://www.loc.gov/standards/marcxml/schema/MARC21slim.xsd">
    <marc:record>
        <marc:leader>     nam a22      c 4500</marc:leader>
        <marc:controlfield tag="001">sihols.112/43006980</marc:controlfield>
        <marc:controlfield tag="003">nljbp</marc:controlfield>
        <marc:controlfield tag="005">250625083354.3</marc:controlfield>
        <marc:controlfield tag="007">cr |||||||||||</marc:controlfield>
        <marc:controlfield tag="008">250417s2007    ne |||||||||||||||||eng|d</marc:controlfield>
        <marc:datafield tag="010" ind1=" " ind2=" ">
            <marc:subfield code="a">  2007037110</marc:subfield>
        </marc:datafield>
        <marc:datafield tag="020" ind1=" " ind2=" ">
            <marc:subfield code="a">9789027291721</marc:subfield>
            <marc:subfield code="q">(e-Book)</marc:subfield>
        </marc:datafield>
        <marc:datafield tag="040" ind1=" " ind2=" ">
            <marc:subfield code="a">nljbp</marc:subfield>
            <marc:subfield code="b">eng</marc:subfield>
            <marc:subfield code="c">nljbp</marc:subfield>
            <marc:subfield code="d">nljbp</marc:subfield>
        </marc:datafield>
        <marc:datafield tag="050" ind1="0" ind2="0">
            <marc:subfield code="a">P61</marc:subfield>
        </marc:datafield>
        <marc:datafield tag="082" ind1="0" ind2="0">
            <marc:subfield code="a">410.9</marc:subfield>
            <marc:subfield code="2">22</marc:subfield>
        </marc:datafield>
        <marc:datafield tag="084" ind1=" " ind2=" ">
            <marc:subfield code="a">CFA</marc:subfield>
            <marc:subfield code="q">bicssc</marc:subfield>
        </marc:datafield>
        <marc:datafield tag="084" ind1=" " ind2=" ">
            <marc:subfield code="a">LAN009000</marc:subfield>
            <marc:subfield code="q">bisacsh</marc:subfield>
        </marc:datafield>
        <marc:datafield tag="245" ind1="0" ind2="0">
            <marc:subfield code="a">History of Linguistics 2005</marc:subfield>
            <marc:subfield code="b">Selected papers from the Tenth International Conference on the History of the Language Sciences (ICHOLS X), 1–5 September 2005, Urbana-Champaign, Illinois</marc:subfield>
            <marc:subfield code="c">Edited by Douglas A. Kibbee</marc:subfield>
        </marc:datafield>
        <marc:datafield tag="264" ind1=" " ind2="1">
            <marc:subfield code="a">Amsterdam ;</marc:subfield>
            <marc:subfield code="a">Philadelphia :</marc:subfield>
            <marc:subfield code="b">John Benjamins Publishing Company,</marc:subfield>
            <marc:subfield code="c">2007</marc:subfield>
        </marc:datafield>
        <marc:datafield tag="264" ind1=" " ind2="4">
            <marc:subfield code="c">©2007</marc:subfield>
        </marc:datafield>
        <marc:datafield tag="300" ind1=" " ind2=" ">
            <marc:subfield code="a">1 online resource (x, 451 pp.)</marc:subfield>
        </marc:datafield>
        <marc:datafield tag="336" ind1=" " ind2=" ">
            <marc:subfield code="a">text</marc:subfield>
            <marc:subfield code="b">txt</marc:subfield>
            <marc:subfield code="2">rdacontent</marc:subfield>
        </marc:datafield>
        <marc:datafield tag="337" ind1=" " ind2=" ">
            <marc:subfield code="a">computer</marc:subfield>
            <marc:subfield code="b">c</marc:subfield>
            <marc:subfield code="2">rdamedia</marc:subfield>
        </marc:datafield>
        <marc:datafield tag="338" ind1=" " ind2=" ">
            <marc:subfield code="a">online resource</marc:subfield>
            <marc:subfield code="b">cr</marc:subfield>
            <marc:subfield code="2">rdacarrier</marc:subfield>
        </marc:datafield>
        <marc:datafield tag="490" ind1="0" ind2=" ">
            <marc:subfield code="a">Studies in the History of the Language Sciences</marc:subfield>
            <marc:subfield code="x">0304-0720</marc:subfield>
            <marc:subfield code="v">112</marc:subfield>
        </marc:datafield>
        <marc:datafield tag="504" ind1=" " ind2=" ">
            <marc:subfield code="a">Includes bibliographical references and indexes.</marc:subfield>
        </marc:datafield>
        <marc:datafield tag="505" ind1="0" ind2=" ">
            <marc:subfield code="a">The natural: Its meanings and functions in the history of linguistic thought / John E. Joseph -- On grammatical gender as an arbitrary and redundant category / Marcin Kilarski -- Penser l'espace, penser l'espèce: Modélisation des affinités linguistiques / Carita Klippi -- On the origins of the participle as a part of speech / Pierre Swiggers and Alfons Wouters -- Grammar as a liberal art in antiquity / Anneli Luhtala -- Priscian's pedagogy: A critique of the Institutio de nomine et pronomine et verbo / Daniel J. Taylor -- L'horizon de retrospection du Mithridate de Conrad Gessner (1555) / Bernard Colombat -- Montaigne's view of skepticism and language in the Essais / Danilo Marcondes -- Competing models for a 17th century universal language: A study of the dispute between George Dalgarno and John Wilkins / Joseph L. Subbiondo -- La notion d'unité sonore dans les grammaires françaises des 17ème et 18ème siècles / Jean-Marie Fournier -- Une "Grammaire générale et raisonnée" en 1651 (1635?): Description et intérpretation d'une découverte empirique / Sylvian Auroux et Francine Mazière -- 'Analogy': The history of a concept and a term from the 17th to the 19th century / Gerda Haßler -- Une écriture de l'histoire: La Lettre à M. Pinglin sur l'histoire de la science grammaticale / Valérie Raby -- Quels facteurs (linguistiques ou historiques) considérer dans l'accord en français? Étude de certains cas dans le Journal de la langue française (1784) d'Urbain Domergue / E-Jung Choi -- Nicolas Beauzée: La clé inexploitée de la phonétique française / Christophe Rey -- Colonialism, scientific expeditions and linguistics in 19th century Brazil / Cristina Altman -- The concept of civilization in historic Brazilian linguistics / Eduardo Guimarães -- The European linguistic tradition and early missionary grammars in Central and South America / Manuel Breva-Claramonte -- Steinthal and the limits of etymology: The special case of Chinese / T. Craig Christy -- An epistemological assessment of the Neogrammarian movement / Jean Leroux -- Privileged languages and others in the history of historical-comparative linguistics / Hans Henrich Hock -- The nationalist turn: Dutch linguistics and German philosophy in the 18th and early 19th centuries / Gijsbert Rutten -- Représentations de l'autre: L'italien et les Italiens dans quelques dictionnaires bilingues des XVIIe-XVIIIe siècles / Nadia Minerva -- L'utile et l'agréable dans les méthodes familières et autres ouvrages utilisés pour l'apprentissage du français aux Pays-Bas (XVIIIe-XIXe siècles) / Marie-Christine Kok-Escalle -- La reformulation dans la lexicographie des XVIe-XIXe siècles: L'emergence de la syntaxe française / Rachele Raus -- Words and concepts for child language learning in late 19th versus late 20th century America / Margaret Thomas -- La lexicologie, un savoir scolarisable? / Sonia Branca-Rosoff et Dan Savatovsky -- Aspects de la linguistique prescriptive: Les perceptions des vocabulaires de specialité à travers des dictionnaires français (XIXe et XXe s.) / Danielle Candel -- Semantique et analogie dans la tradition grammaticale arabe: La valeur des formes verbales / Georgine Ayoub -- Meaning by collocation: The Firthian filiation of corpus linguistics / Jacqueline Léon -- Kristeva on the encyclopedists: Linguistics, semanalysis, and the epistemology of Enlightenment science / Katherine Arens -- La preuve de Gaifman: Réflexions sur la méthode de construction des grammaires catégorielles / Béatrice Godart-Wendling</marc:subfield>
        </marc:datafield>
        <marc:datafield tag="520" ind1=" " ind2=" ">
            <marc:subfield code="a">As each period in the history of the language sciences has chosen to focus on different key questions, the study of that history promises to open our eyes to the variety of interesting questions that can be asked, and answered – taking off the blinders of contemporary preoccupations. September 1–5, 2005, linguists from twenty-five countries gathered at the University of Illinois at Urbana-Champaign to share their passion for the history of their discipline. This volume is a distillation of many fine contributions from that conference, shedding light on the many different approaches to the study of language.</marc:subfield>
            <marc:subfield code="c">Provided by publisher.</marc:subfield>
        </marc:datafield>
        <marc:datafield tag="650" ind1="0" ind2="4">
            <marc:subfield code="a">History of linguistics</marc:subfield>
        </marc:datafield>
        <marc:datafield tag="700" ind1="1" ind2=" ">
            <marc:subfield code="a">Kibbee, Douglas A.</marc:subfield>
            <marc:subfield code="e">editor</marc:subfield>
        </marc:datafield>
        <marc:datafield tag="776" ind1="1" ind2=" ">
            <marc:subfield code="i">Hardbound version:</marc:subfield>
            <marc:subfield code="d">Amsterdam ; Philadelphia : John Benjamins Publishing Company, 2007</marc:subfield>
            <marc:subfield code="z">9789027246035</marc:subfield>
        </marc:datafield>
        <marc:datafield tag="856" ind1="4" ind2="0">
            <marc:subfield code="z">DOI</marc:subfield>
            <marc:subfield code="u">https://doi.org/10.1075/sihols.112</marc:subfield>
        </marc:datafield>
        <marc:datafield tag="856" ind1="4" ind2="0">
            <marc:subfield code="z">JB e-Platform</marc:subfield>
            <marc:subfield code="u">https://www.jbe-platform.com/content/books/9789027291721</marc:subfield>
        </marc:datafield>
    </marc:record>
</marc:collection>